El telón negro / (Registro nro. 8553)

Detalles MARC
000 -LIDER
fixed length control field 00685nam a22002657a 4500
001 - NÚMERO DE CONTROL
Identificador de número de control 094
003 - IDENTIFICACDOR DE NÚMERO DE CONTROL
control field DO-SdBNP
005 - DATE AND TIME OF LATEST TRANSACTION
control field 20180206154144.0
007 - CAMPOS FIJOS DE DESCRIPCIÓN FÍSICA
fixed length control field 094
008 - ELEMENTOS DE LONGITUD FIJA
fixed length control field 151005b1962 sp 00| 0 spa d
020 ## - ISBN
International Standard Book Number 8470021338
040 ## - FUENTE DE CATALOGACIÓN
Agencia que crea de manera original el registro BPMSU
Idioma de catalogación spa
Agencia que realiza la transcripción BPMSU
092 ## - LOCALLY ASSIGNED DEWEY DECIMAL CALL NUMBER
Número de clasificación XXXX
Número de ítem (Cutter) XXXX
100 1# - ASIENTO PRINCIPAL -- NOMBRE PERSONAL
Nombre personal Irish, William
245 13 - MENCIÓN DE TITULO
Título El telón negro /
Mención de responsabilidad William Irish ; traducción José Ma. Roca
260 ## - PUBLICACIÓN, DISTRIBUCIÓN, ETC. (PIE DE IMPRENTA)
Lugar de publicación, distribución, etc Barcelona :
Nombre del editor, distribuidor, etc. Litografía Rosés,
Fecha de publicación, distribución, etc 1962.
300 ## - DESCRIPCIÓN FÍSICA
Extensión 143 p. :
Dimensiones 18 cm.
490 1# - MENCIÓN DE SERIES
Mención de serie El observador
Volume/sequential designation 47
700 12 - ASIENTO SECUNDARIO -- NOMBRE PERSONAL
Nombre personal Roca, José Ma.
Mención de responsabilidad trad.
830 #0 - ASIENTO SECUNDARIO DE SERIE--TÍTULO UNIFORME
Título uniforme El observador
Número de la parte o sección de una obra 47
910 ## - VALIDACIÓN
Validación 202
942 ## - ADDED ENTRY ELEMENTS (KOHA)
Source of classification or shelving scheme Dewey Decimal Classification
Koha item type Libros
945 ## - INFORMACIÓN DE PROCESAMIENTO LOCAL
Información de procesamiento local Inventariado, 2018 / BT
956 ## - LOCAL ELECTRONIC LOCATION AND ACCESS (OCLC)
Nombre de host Yngrid Lockward
Existencias
Withdrawn status Lost status Source of classification or shelving scheme Damaged status Not for loan Collection code Home library Current library Date acquired Source of acquisition Total Checkouts Barcode Date last seen Price effective from Koha item type
    Dewey Decimal Classification     Colección General Biblioteca Pública Metropolitana Salomé Ureña Biblioteca Pública Metropolitana Salomé Ureña 11/05/2015 FUNDI   BPMSU15110059 11/05/2015 11/05/2015 Libros